000 01030nmc a2200337 a 4500
003 AR-BaBNM
005 20251128204923.0
008 011101s1995 ||||||||||||||000 | spa||
020 _a950-99745-3-6
040 _cAR-BaBNM
100 1 _aMarabotto, María Irma
245 1 0 _aMultimedios y educación
260 _aBuenos Aires
_bFUNDEC
_c1995
300 _a96 p.
_bil., gráfs.
490 0 _aAportes
500 _aPrólogo por el Consejo de Administración
500 _aFUNDEC: FUNDACION PARA EL DESARROLLO DE LOS ESTUDIOS COGNITIVOS
504 _aBibliografía p. 93-94
650 4 _aUTILIZACION DE LA INFORMACION
650 4 _aRECURSOS EDUCACIONALES
650 4 _aPROCESO DE INTERACCION
650 4 _aMEDIOS DE ENSENANZA
650 4 _aSISTEMAS DE INFORMACION
650 4 _aENSENANZA POR MULTIMEDIOS
653 _aEDUCACION A DISTANCIA
653 _aMULTIMEDIA
700 1 _aGrau, Jorge Enrique
710 2 _aFundación para el Desarrollo de los Estudios Cognitivos
942 _cBK
998 _cCarmen
999 _c9337
_d9337